Most Populous Cities in the Northwest - Statistics

General Stats
  • This quiz has been taken 413 times
    266 since last reset
  • The average score is 12 of 20
Answer Stats
State Population Answer % Correct
Oregon 609,456 Portland
100%
Washington 652,405 Seattle
100%
Alaska 300,950 Anchorage
95%
Idaho 214,237 Boise
93%
Oregon 160,614 Salem
83%
Washington 203,446 Tacoma
80%
Washington 210,721 Spokane
79%
Oregon 159,190 Eugene
73%
North Dakota 113,658 Fargo
73%
Montana 109,059 Billings
69%
South Dakota 164,676 Sioux Falls
68%
Washington 167,405 Vancouver
61%
Washington 105,370 Everett
41%
Washington 133,992 Bellevue
40%
Washington 93,257 Yakima
36%
Oregon 93,542 Beaverton
33%
Washington 124,435 Kent
29%
Oregon 109,397 Gresham
24%
Oregon 97,368 Hillsboro
22%
Washington 97,003 Renton
21%
No matching quizzes found
Score Distribution
Percent of People with Each Score
Percentile by Number Answered
Your Score History
You have not taken this quiz since the last reset